FNaF SB Locations - Statistics

General Stats
  • This quiz has been taken 12 times
  • The average score is 3 of 5
Answer Stats
Question Answer % Correct
In Fazer Blast what collectable can be found in the toilet next to the security office? Key chain
63%
In the FNaF 6 Pizzeria below the Pizzaplex which of the stages has had a piece of the ceiling fall onto it? Small stage for 1 character
63%
In Roxy Raceway where can the hidden Retro CD be found? Bumper cars
50%
Where can the Foxy Plush collectable be found? Utility Tunnels
50%
Within the Ruin DLC in the main lobby which door moves because of something that isn't the player? Daycare entrance door
38%
No matching quizzes found
Score Distribution
Percent of People with Each Score
Percentile by Number Answered
Your Score History
You have not taken this quiz